|
|
|
|
| LEADER |
00000nam0a2200000 4500 |
| 001 |
77919 |
| 005 |
20231031093528.0 |
| 035 |
|
|
|a (RuTPU)RU\TPU\book\83522
|
| 090 |
|
|
|a 77919
|
| 100 |
|
|
|a 20050602d1972 k y0rusy50 ca
|
| 101 |
0 |
|
|a rus
|
| 102 |
|
|
|a RU
|
| 105 |
|
|
|a a z 001zy
|
| 200 |
1 |
|
|a Основы теории полета космических аппаратов
|f В. С. Авдуевский, Б. М. Антонов, Н. А. Анфимов и др.
|g под ред. Г. С. Нариманова, М. К. Тихонравова
|
| 210 |
|
|
|a Москва
|c Машиностроение
|d 1972
|
| 215 |
|
|
|a 607 с.
|c ил.
|e 2 л. черт. и карт.
|
| 225 |
1 |
|
|a Основы теории полета и проектирования космических аппаратов
|f Под общ. ред. Г. С. Нариманова
|
| 300 |
|
|
|a На обороте тит. листа авторы
|
| 320 |
|
|
|a Предм. указ.: с. 601-604.
|
| 610 |
1 |
|
|a космические аппараты
|
| 610 |
1 |
|
|a космические летательные аппараты
|
| 610 |
1 |
|
|a Вселенная
|
| 610 |
1 |
|
|a Солнечная система
|
| 610 |
1 |
|
|a система координат
|
| 610 |
1 |
|
|a время
|
| 610 |
1 |
|
|a невозмущенные движения
|
| 610 |
1 |
|
|a возмущенные движения
|
| 610 |
1 |
|
|a искусственные спутники
|
| 610 |
1 |
|
|a орбиты
|
| 610 |
1 |
|
|a траектории
|
| 675 |
|
|
|a 629.19
|v 3
|
| 701 |
|
1 |
|a Авдуевский
|b В. С.
|
| 701 |
|
1 |
|a Антонов
|b Б. М.
|
| 701 |
|
1 |
|a Анфимов
|b Н. А.
|
| 701 |
|
1 |
|a Бажинов
|b И. К.
|
| 701 |
|
1 |
|a Бакланов
|b В. А.
|
| 702 |
|
1 |
|a Нариманов
|b Г. С.
|4 340
|
| 702 |
|
1 |
|a Тихонравов
|b М. К.
|4 340
|
| 801 |
|
1 |
|a RU
|b 63413507
|c 20050602
|g PSBO
|
| 801 |
|
2 |
|a RU
|b 63413507
|c 20160407
|g PSBO
|
| 942 |
|
|
|c BK
|